[Event "GRENKE Chess Playoffs 3-4"]
[Site "Karlsruhe GER"]
[Date "2024.04.01"]
[Round "1"]
[White "Keymer, Vincent"]
[Black "Vachier Lagrave, M."]
[Result "1/2-1/2"]
[WhiteElo "2726"]
[BlackElo "2732"]
[PlyCount "101"]
[EventDate "2024.04.01"]

1. Nf3 Nf6 2. c4 c5 3. Nc3 Nc6 4. g3 d5 5. d4 e6 6. cxd5 exd5 7. a3 Bg4 ({RR} 7... cxd4 8. Nxd4 Bc5 9. Be3 Bb6 10. Bg2 O-O 11. O-O Re8 12. Kh1 Bg4 13. Re1 Qd7 14. Nxc6 Bxe3 15. Nb4 Bxf2 16. Rf1 d4 17. Rxf2 dxc3 18. Qxd7 Bxd7 19. bxc3 Ng4 20. Rf4 Rxe2 21. Bxb7 Rb8 22. Bg2 {Abdusattorov,N (2777)-So,W (2747) Kolkata IND 2024 0-1 (37)}) ({RR} 7... cxd4 8. Nxd4 Bc5 9. Be3 Bb6 10. Bg2 O-O 11. O-O Re8 12. h3 Rxe3 13. fxe3 Qd6 14. Rf3 Bd7 15. Kh2 Ne5 16. Rf4 Re8 17. Qf1 Nh5 18. Nxd5 Nxf4 19. Qxf4 Bd8 20. Rd1 Qg6 21. Nf3 Nxf3+ 22. exf3 {Keymer,V (2730)-Xiong,J (2650) Samarkand UZB 2025 1-0 (54)}) ({RR} 7... cxd4 8. Nxd4 Bc5 9. Be3 Bb6 10. Bg2 O-O 11. O-O Re8 12. Kh1 Bg4 13. Re1 Qd7 14. Nxc6 Bxe3 15. Nb4 Bxf2 16. Rf1 d4 17. Rxf2 dxc3 18. Qxd7 Bxd7 19. bxc3 Ng4 20. Rf4 Rxe2 21. Bxb7 Rb8 22. Bg2 {Abdusattorov,N (2777)-So,W (2747) Kolkata IND 2024 0-1 (37)}) ({RR} 7... cxd4 8. Nxd4 Bc5 9. Be3 Bb6 10. Bg2 O-O 11. O-O Re8 12. h3 Rxe3 13. fxe3 Qd6 14. Rf3 Bd7 15. Kh2 Ne5 16. Rf4 Re8 17. Qf1 Nh5 18. Nxd5 Nxf4 19. Qxf4 Bd8 20. Rd1 Qg6 21. Nf3 Nxf3+ 22. exf3 {Keymer,V (2730)-Xiong,J (2650) Samarkand UZB 2025 1-0 (54)}) 8. Be3 Be7 $146 ({RR} 8... c4 9. Bg2 h6 10. Ne5 Be6 11. O-O Be7 12. Nxc4 dxc4 13. d5 Nxd5 14. Nxd5 Rc8 15. Qa4 Bxd5 16. Rad1 Qa5 17. Qxa5 Nxa5 18. Rxd5 b6 19. Bd4 O-O 20. Bc3 Rfd8 21. Rfd1 Rxd5 22. Rxd5 Rd8 23. Rxd8+ {Plischki,S (2332)-Ocelak,J (2206) Ceske Budejovice CZE 2024 ½-½ (50)}) ({RR} 8... Bxf3 9. exf3 c4 10. Bg2 Be7 11. O-O O-O 12. g4 Qa5 13. g5 Ne8 14. f4 Nc7 15. f5 Rfd8 16. Qg4 Rac8 17. f6 Bf8 18. h4 Ne6 19. h5 Rd6 20. g6 Qd8 21. fxg7 Bxg7 22. gxf7+ Kxf7 23. h6 {Osmak,Y (2451)-Calzetta Ruiz,M (2199) Batumi GEO 2026 1-0 (34)}) ({RR} 8... c4 9. Bg2 h6 10. Ne5 Be6 11. O-O Be7 12. Nxc4 dxc4 13. d5 Nxd5 14. Nxd5 Rc8 15. Qa4 Bxd5 16. Rad1 Qa5 17. Qxa5 Nxa5 18. Rxd5 b6 19. Bd4 O-O 20. Bc3 Rfd8 21. Rfd1 Rxd5 22. Rxd5 Rd8 23. Rxd8+ {Plischki,S (2332)-Ocelak,J (2206) Ceske Budejovice CZE 2024 ½-½ (50)}) ({RR} 8... Bxf3 9. exf3 c4 10. Bg2 Be7 11. O-O O-O 12. g4 Qa5 13. g5 Ne8 14. f4 Nc7 15. f5 Rfd8 16. Qg4 Rac8 17. f6 Bf8 18. h4 Ne6 19. h5 Rd6 20. g6 Qd8 21. fxg7 Bxg7 22. gxf7+ Kxf7 23. h6 {Osmak,Y (2451)-Calzetta Ruiz,M (2199) Batumi GEO 2026 1-0 (34)}) 9. Bg2 O-O 10. O-O Rc8 11. h3 Bxf3 12. Bxf3 Qd7 13. Kg2 Rfd8 14. Rc1 Qe6 15. Na4 c4 16. Nc3 h6 17. Qc2 Bd6 18. Rcd1 a6 19. Bf4 Bxf4 20. gxf4 Ne7 21. e3 b5 22. Kh2 g6 23. Rg1 Kg7 24. Rg2 Rb8 25. Ne2 Ne4 26. Bxe4 Qxe4 27. Qxe4 dxe4 28. Ng3 f5 29. h4 Kf6 30. Ne2 a5 31. Ra1 Rd6 32. Rgg1 b4 33. axb4 axb4 34. Rgc1 Rc8 35. Ra5 g5 36. hxg5+ hxg5 37. Kg1 gxf4 38. Nxf4 c3 39. bxc3 bxc3 40. Rc5 Rxc5 41. dxc5 Rc6 42. Rxc3 Ke5 43. Kg2 Ng6 44. Nxg6+ Rxg6+ 45. Kh3 Kd5 46. Rc2 Kc6 47. Ra2 Kxc5 48. Ra5+ Kc4 49. Rxf5 Kd3 50. Rf4 Ke2 51. Rxe4 1/2-1/2

[Event "Titled Tue 23rd Apr Early"]
[Site "chess.com INT"]
[Date "2024.04.23"]
[Round "4"]
[White "Shtembuliak, E."]
[Black "Svane, Frederik"]
[Result "1/2-1/2"]
[WhiteElo "2620"]
[BlackElo "2627"]
[PlyCount "132"]
[EventDate "2024.04.23"]

1. c4 e6 2. Nc3 c5 3. Nf3 Nf6 4. g3 d5 5. cxd5 exd5 6. d4 cxd4 7. Nxd4 Nc6 8. Bg2 Bc5 9. Nb3 Bb6 10. O-O d4 11. Na4 O-O 12. Nxb6 axb6 13. Bxc6 bxc6 14. Qxd4 Be6 15. Bg5 c5 16. Bxf6 ({RR} 16. Qe5 Re8 17. Rad1 Qe7 18. Bxf6 gxf6 19. Qc3 Rxa2 20. Nc1 Ra4 21. Nd3 Rc4 22. Qd2 Bf5 23. Nf4 Qe5 24. Qd6 Rb4 25. Qxe5 Rxe5 26. Rd2 Kg7 27. f3 Rb3 28. Rc1 Re8 29. Ra1 Be6 30. Ra7 f5 {Liu,Y (2535)-Wang,Y (2431) Daqing CHN 2026 ½-½ (38)}) ({RR} 16. Qe5 Re8 17. Rad1 Qe7 18. Bxf6 gxf6 19. Qc3 Rxa2 20. Nc1 Ra4 21. Nd3 Rc4 22. Qd2 Bf5 23. Nf4 Qe5 24. Qd6 Rb4 25. Qxe5 Rxe5 26. Rd2 Kg7 27. f3 Rb3 28. Rc1 Re8 29. Ra1 Be6 30. Ra7 f5 {Liu,Y (2535)-Wang,Y (2431) Daqing CHN 2026 ½-½ (38)}) 16... Qxf6 17. Qxf6 gxf6 18. f3 $146 ({RR} 18. Rfd1 Rfd8 19. Rxd8+ Rxd8 20. e3 Ra8 21. Nc1 Rd8 22. Nb3 Ra8 23. Nd2 Bxa2 24. b3 Kg7 25. Kf1 b5 26. Ke1 Ra3 27. e4 Ra6 28. f4 c4 29. bxc4 bxc4 30. Rc1 Rc6 31. Rc3 Rb6 32. Ke2 Bb1 {Costachi,M (2476)-Oltean,C (2015) Sebes ROU 2022 1-0 (75)}) ({RR} 18. Rfd1 Rfd8 19. Rxd8+ Rxd8 20. e3 Ra8 21. Nc1 Rd8 22. Nb3 Ra8 23. Nd2 Bxa2 24. b3 Kg7 25. Kf1 b5 26. Ke1 Ra3 27. e4 Ra6 28. f4 c4 29. bxc4 bxc4 30. Rc1 Rc6 31. Rc3 Rb6 32. Ke2 Bb1 {Costachi,M (2476)-Oltean,C (2015) Sebes ROU 2022 1-0 (75)}) 18... Ra4 19. Nd2 Rxa2 20. Rxa2 Bxa2 21. Ra1 Be6 22. Ra6 Rd8 23. Ne4 f5 24. Nc3 Rd6 25. Kf2 Kg7 26. Ke3 Bc4 27. Ra7 Re6+ 28. Kf2 Rd6 29. Ke3 Re6+ 30. Kd2 b5 31. b3 Bxb3 32. Nxb5 Rh6 33. Rc7 Rxh2 34. Rxc5 Rg2 35. Nd4 Be6 36. Nxf5+ Bxf5 37. Rxf5 Rxg3 38. Ke3 Rg2 39. Rf4 h5 40. Ra4 Kf6 41. Re4 Rg5 42. Rf4+ Kg6 43. Ra4 Rg2 44. Rb4 Kg5 45. Rb5+ f5 46. Rb8 f4+ 47. Kd3 Rf2 48. Rg8+ Kf5 49. Rf8+ Ke5 50. Rh8 Rh2 51. Rh6 Kf5 52. Rh8 Kg5 53. Rg8+ Kh4 54. Ke4 Rxe2+ 55. Kxf4 Re7 56. Rg1 Rf7+ 57. Ke3 Re7+ 58. Kf4 Rf7+ 59. Ke3 Kh3 60. Kf2 Kh4 61. Rh1+ Kg5 62. Rg1+ Kf4 63. Ra1 Rd7 64. Ra4+ Kg5 65. Ra5+ Kg6 66. Kg3 Rf7 1/2-1/2

[Event "Chess.com Classic Play-In"]
[Site "chess.com INT"]
[Date "2024.05.08"]
[Round "9.15"]
[White "Yoo, Christopher Woojin"]
[Black "Mamedov, Rau"]
[Result "0-1"]
[WhiteElo "2600"]
[BlackElo "2651"]
[PlyCount "50"]
[EventDate "2024.05.08"]

1. d4 d5 2. c4 e6 3. Nc3 c5 4. cxd5 exd5 5. Nf3 Nc6 6. g3 Nf6 7. Bg2 Be7 8. O-O O-O 9. dxc5 Bxc5 10. Bg5 d4 11. Bxf6 Qxf6 12. Ne4 Qe7 13. Nxc5 Qxc5 14. Qd2 Bg4 15. Rfd1 Rad8 16. Qf4 Bh5 17. Rd2 Rfe8 18. Rad1 d3 $146 ({RR} 18... h6 19. Nxd4 Nxd4 20. Rxd4 Rxd4 21. Rxd4 Rxe2 22. Rd8+ Kh7 23. Be4+ Bg6 24. Bxg6+ fxg6 25. Qf7 Re1+ 26. Kg2 Qc6+ 27. Kh3 Qe6+ {½-½ (27) Just,S-Altgelt,A (2220) Germany 1994}) ({RR} 18... h6 19. Nxd4 Nxd4 20. Rxd4 Rxd4 21. Rxd4 Rxe2 22. Rd8+ Kh7 23. Be4+ Bg6 24. Bxg6+ fxg6 25. Qf7 Re1+ 26. Kg2 Qc6+ 27. Kh3 Qe6+ {½-½ (27) Just,S-Altgelt,A (2220) Germany 1994}) 19. Rxd3 Rxd3 20. exd3 Nd4 21. Kh1 Nxf3 22. Bxf3 g5 23. Qf6 Qe5 24. Qxe5 Bxf3+ 25. Kg1 Rxe5 0-1

[Event "Chess.com Play-In Match Div 2"]
[Site "chess.com INT"]
[Date "2024.05.09"]
[Round "1.3"]
[White "Nguyen Ngoc Truong Son"]
[Black "Vidit, S."]
[Result "1/2-1/2"]
[WhiteElo "2633"]
[BlackElo "2722"]
[PlyCount "100"]
[EventDate "2024.05.09"]
[EventType "k.o."]

1. d4 d5 2. c4 e6 3. Nc3 c5 4. cxd5 exd5 5. dxc5 d4 6. Ne4 Bf5 7. Ng3 Bg6 ({RR} 7... Be6 8. e3 Bxc5 9. exd4 Bb4+ 10. Bd2 Qxd4 11. Bb5+ Nc6 12. Bxc6+ bxc6 13. Bxb4 Qxb4+ 14. Qd2 Rb8 15. b3 Nf6 16. Nf3 O-O 17. Qxb4 Rxb4 18. Ne5 Bxb3 19. Nxc6 Re8+ 20. Kd2 Rb6 21. axb3 Rxc6 22. Rhc1 {Elsness,F (2487)-Lie,E (2455) Sandefjord 2012 ½-½}) ({RR} 7... Be6 8. e3 Bxc5 9. exd4 Bb4+ 10. Bd2 Qxd4 11. Bb5+ Nc6 12. Bxc6+ bxc6 13. Bxb4 Qxb4+ 14. Qd2 Rb8 15. b3 Nf6 16. Nf3 O-O 17. Qxb4 Rxb4 18. Ne5 Bxb3 19. Nxc6 Re8+ 20. Kd2 Rb6 21. axb3 Rxc6 22. Rhc1 {Elsness,F (2487)-Lie,E (2455) Sandefjord 2012 ½-½}) 8. e4 ({RR} 8. b4 a5 9. Bd2 axb4 10. Bxb4 Nc6 11. a3 Nf6 12. Nf3 Bxc5 13. Bxc5 Qa5+ 14. Qd2 Qxc5 15. e3 Rxa3 16. Rxa3 Qxa3 17. exd4 O-O 18. Be2 Qa1+ 19. Qd1 Qxd1+ 20. Bxd1 Rd8 21. Ne2 Bd3 22. Ba4 Bxe2 {Montano Vicente,G (1970)-Essing,A (2215) chess.com INT 2025 0-1 (48)}) ({RR} 8. b4 a5 9. Bd2 axb4 10. Bxb4 Nc6 11. a3 Nf6 12. Nf3 Bxc5 13. Bxc5 Qa5+ 14. Qd2 Qxc5 15. e3 Rxa3 16. Rxa3 Qxa3 17. exd4 O-O 18. Be2 Qa1+ 19. Qd1 Qxd1+ 20. Bxd1 Rd8 21. Ne2 Bd3 22. Ba4 Bxe2 {Montano Vicente,G (1970)-Essing,A (2215) chess.com INT 2025 0-1 (48)}) 8... Bxc5 9. Bd3 Nc6 10. f4 $146 ({RR} 10. Nf3 Nf6 11. O-O O-O 12. a3 a6 13. b4 Ba7 14. Re1 Nd7 15. Ne2 Re8 16. Nf4 Nde5 17. Nxg6 Nxg6 18. Bb2 Qd7 19. Qd2 b5 20. Rad1 Nge5 21. Qe2 Rad8 22. h3 Qe6 23. Rd2 Nc4 24. Rc2 Nxb2 {Gartside,C (1826)-Rowan,P (1916) Coventry 2015 ½-½ (40)}) ({RR} 10. Nf3 Nf6 11. O-O O-O 12. a3 a6 13. b4 Ba7 14. Re1 Nd7 15. Ne2 Re8 16. Nf4 Nde5 17. Nxg6 Nxg6 18. Bb2 Qd7 19. Qd2 b5 20. Rad1 Nge5 21. Qe2 Rad8 22. h3 Qe6 23. Rd2 Nc4 24. Rc2 Nxb2 {Gartside,C (1826)-Rowan,P (1916) Coventry 2015 ½-½ (40)}) 10... f6 11. Nf3 Nge7 12. a3 a5 13. O-O O-O 14. h4 h6 15. f5 Bf7 16. e5 Qc7 17. Ne4 Nxe5 18. Nxe5 Qxe5 19. Bf4 Qd5 20. Bxh6 Kh7 21. Bf4 Rfe8 22. Qg4 Nc6 23. Rae1 Ne5 24. Bxe5 Rxe5 25. Rf3 Rae8 26. h5 Qd8 27. h6 gxh6 28. Qh4 Bf8 29. Qxf6 Qxf6 30. Nxf6+ Kh8 31. Rxe5 Rxe5 32. Nd7 Re8 33. Nxf8 Rxf8 34. f6 Rd8 35. Kf2 Rd6 36. b4 axb4 37. axb4 h5 38. Kg3 Kg8 39. Kh4 Rd5 40. Rf4 Kf8 41. g3 Be6 42. Rf2 Kf7 43. Bc4 Re5 44. Bxe6+ Rxe6 45. Kxh5 d3 46. Kg4 Rd6 47. Rd2 Kxf6 48. Kf3 Rd4 49. Ke3 Rxb4 50. Rxd3 b5 1/2-1/2

[Event "CHN-chT"]
[Site "China"]
[Date "2014.11.15"]
[Round "17.1"]
[White "Wang, Yue"]
[Black "Yu, Yangyi"]
[Result "1/2-1/2"]
[WhiteElo "2717"]
[BlackElo "2667"]
[PlyCount "174"]
[EventDate "2014.04.12"]
[EventType "team-tourn"]
[EventRounds "22"]
[EventCountry "CHN"]
[SourceTitle "EXT 2015"]
[Source "ChessBase"]
[SourceDate "2014.11.20"]
[SourceVersion "1"]
[SourceVersionDate "2014.11.20"]
[SourceQuality "1"]
[WhiteTeam "Tianjing"]
[BlackTeam "Beijing"]
[WhiteTeamCountry "CHN"]
[BlackTeamCountry "CHN"]

1. Nf3 c5 2. c4 Nf6 3. Nc3 e6 4. e3 d5 5. d4 a6 6. cxd5 exd5 7. Be2 Bd6 8. O-O O-O 9. dxc5 Bxc5 10. b3 Nc6 11. Bb2 Ba7 12. Rc1 h6 ({RR} 12... Bg4 13. h3 Be6 14. Bd3 d4 15. exd4 Nxd4 16. Ne4 Kh8 17. Bb1 Nxf3+ 18. Qxf3 Nd5 19. Qh5 f5 20. Ng5 Bg8 21. Rfd1 Qe8 22. Qh4 Rd8 23. Nf3 Bb8 24. Qg5 Qe7 25. Qxe7 Nxe7 26. Ba3 Rxd1+ 27. Rxd1 {Putnam,L (2467)-Rios Gallardo,G (2069) Seville ESP 2026 1-0}) ({RR} 12... Bg4 13. h3 Be6 14. Bd3 d4 15. exd4 Nxd4 16. Ne4 Kh8 17. Bb1 Nxf3+ 18. Qxf3 Nd5 19. Qh5 f5 20. Ng5 Bg8 21. Rfd1 Qe8 22. Qh4 Rd8 23. Nf3 Bb8 24. Qg5 Qe7 25. Qxe7 Nxe7 26. Ba3 Rxd1+ 27. Rxd1 {Putnam,L (2467)-Rios Gallardo,G (2069) Seville ESP 2026 1-0}) 13. Na4 ({RR} 13. Qd3 d4 14. exd4 Nxd4 15. Nxd4 Qxd4 16. Qxd4 Bxd4 17. Bf3 Rb8 18. Rfd1 Ba7 19. Ba3 Re8 20. Bd6 Ra8 21. h3 g5 22. Re1 Rxe1+ 23. Rxe1 Bf5 24. Bxb7 Rd8 25. Be5 Rd2 26. Re2 Rxe2 27. Nxe2 Nd7 {Ivanchuk,V (2704)-Wang,Y (2720) Beijing 2014 1-0 (55)}) ({RR} 13. Qd3 d4 14. exd4 Nxd4 15. Nxd4 Qxd4 16. Qxd4 Bxd4 17. Bf3 Rb8 18. Rfd1 Ba7 19. Ba3 Re8 20. Bd6 Ra8 21. h3 g5 22. Re1 Rxe1+ 23. Rxe1 Bf5 24. Bxb7 Rd8 25. Be5 Rd2 26. Re2 Rxe2 27. Nxe2 Nd7 {Ivanchuk,V (2704)-Wang,Y (2720) Beijing 2014 1-0 (55)}) 13... Ne4 $146 ({RR} 13... Re8 14. Nd4 Bd7 15. Nc5 Bxc5 16. Rxc5 Qe7 17. Rc1 Rad8 18. Nf3 Ne4 19. h3 Bf5 20. Bxa6 Nb4 21. Bb5 Nxa2 22. Bxe8 Nxc1 23. Bxf7+ Qxf7 24. Bxc1 Rc8 25. Bb2 Rd8 26. Qd4 Rc8 27. Ne5 Qe6 28. Ra1 {Martirosyan,H (2622)-Nihal,S (2620) Chess.com INT 2020 0-1 (44)}) ({RR} 13... Re8 14. Nd4 Bd7 15. Nc5 Bxc5 16. Rxc5 Qe7 17. Rc1 Rad8 18. Nf3 Ne4 19. h3 Bf5 20. Bxa6 Nb4 21. Bb5 Nxa2 22. Bxe8 Nxc1 23. Bxf7+ Qxf7 24. Bxc1 Rc8 25. Bb2 Rd8 26. Qd4 Rc8 27. Ne5 Qe6 28. Ra1 {Martirosyan,H (2622)-Nihal,S (2620) Chess.com INT 2020 0-1 (44)}) ({RR} 13... Re8 14. Nd4 Bd7 15. Nc5 Bxc5 16. Rxc5 Qe7 17. Rc1 Rad8 18. Nf3 Ne4 19. h3 Bf5 20. Bxa6 Nb4 21. Bb5 Nxa2 22. Bxe8 Nxc1 23. Bxf7+ Qxf7 24. Bxc1 Rc8 25. Bb2 Rd8 26. Qd4 Rc8 27. Ne5 Qe6 28. Ra1 {Martirosyan,H (2622)-Nihal,S (2620) Chess.com INT 2020 0-1 (44)}) ({RR} 13... Re8 14. Nd4 Bd7 15. Nc5 Bxc5 16. Rxc5 Qe7 17. Rc1 Rad8 18. Nf3 Ne4 19. h3 Bf5 20. Bxa6 Nb4 21. Bb5 Nxa2 22. Bxe8 Nxc1 23. Bxf7+ Qxf7 24. Bxc1 Rc8 25. Bb2 Rd8 26. Qd4 Rc8 27. Ne5 Qe6 28. Ra1 {Martirosyan,H (2622)-Nihal,S (2620) Chess.com INT 2020 0-1 (44)}) 14. Nd4 Bd7 15. Nxc6 Bxc6 16. Bd4 Bb5 17. Bxa7 Rxa7 18. Re1 Ra8 19. Qd4 Bxa4 20. bxa4 Qa5 21. Bf3 Nf6 22. h4 Rac8 23. Red1 Rc6 24. g4 Re8 25. Kg2 Ne4 26. Rxc6 bxc6 27. Rc1 Qd8 28. Rh1 a5 29. Qb2 Qd6 30. Rb1 Qe7 31. h5 f5 32. Qc2 fxg4 33. Bxe4 Qxe4+ 34. Qxe4 Rxe4 35. Rb6 d4 36. exd4 Rxd4 37. Rxc6 Rxa4 38. Kg3 Rxa2 39. Ra6 a4 40. Kxg4 a3 41. Kf3 Kf7 42. Ke3 Ra1 43. Kf3 Ke7 44. Rg6 Kf7 45. Ra6 a2 46. Kg2 Ke7 47. Ra7+ Kf6 48. Kh2 Kf5 49. Kg2 Kf4 50. Rf7+ Ke4 51. Ra7 Ke5 52. Ra5+ Ke6 53. Ra6+ Kf5 54. Ra7 Kf6 55. Ra5 Rc1 56. Rxa2 Rc5 57. Ra6+ Kf7 58. Ra7+ Kg8 59. f3 Rxh5 60. Kg3 Rg5+ 61. Kh3 Kh7 62. Ra6 h5 63. Kh4 Rf5 64. Kg3 Rf6 65. Ra5 Kh6 66. Rb5 Kg6 67. Ra5 Rf5 68. Ra7 Kh6 69. Rb7 g6 70. Rb6 Rg5+ 71. Kh3 Rg1 72. Kh2 Ra1 73. Kg3 Ra5 74. Rb4 Kg5 75. Rc4 Kf5 76. Rf4+ Ke6 77. Re4+ Re5 78. Ra4 Kf6 79. Rf4+ Rf5 80. Ra4 g5 81. f4 g4 82. Ra6+ Kg7 83. Kh4 Rb5 84. Rc6 Kf7 85. Ra6 Rf5 86. Rb6 Rxf4 87. Rb5 Rf1 1/2-1/2

[Event "Sydney op"]
[Site "Sydney"]
[Date "2014.04.25"]
[Round "6"]
[White "Nisipeanu, Liviu Dieter"]
[Black "Melkumyan, Hrant"]
[Result "1/2-1/2"]
[WhiteElo "2686"]
[BlackElo "2633"]
[PlyCount "43"]
[EventDate "2014.04.23"]
[EventType "swiss"]
[EventRounds "9"]
[EventCountry "AUS"]
[SourceTitle "CBM 160 Extra"]
[Source "ChessBase"]
[SourceDate "2014.07.01"]
[SourceVersion "1"]
[SourceVersionDate "2014.07.01"]
[SourceQuality "1"]

1. Nf3 Nf6 2. c4 c5 3. Nc3 Nc6 4. e3 e6 5. d4 d5 6. cxd5 exd5 7. Bb5 Bd6 8. dxc5 Bxc5 9. O-O O-O 10. b3 a6 11. Bxc6 bxc6 12. Bb2 Bg4 13. Ne2 Bd6 14. Rc1 c5 ({RR} 14... Rc8 15. Ne5 Bxe5 16. Bxe5 c5 17. h3 Bh5 18. g4 Bg6 19. Nf4 Re8 20. Bxf6 Qxf6 21. Nxg6 hxg6 22. Qxd5 Rcd8 23. Qxc5 Qf3 24. Rc4 Qxh3 25. Rf4 Re6 26. Qc7 Rf8 27. Qb7 g5 28. Rc4 Rd8 29. Qg2 {Matlakov,M (2710)-Abasov,N (2655) Germany 2019 ½-½ (31)}) ({RR} 14... Rc8 15. Ne5 Bxe5 16. Bxe5 c5 17. h3 Bh5 18. g4 Bg6 19. Nf4 Re8 20. Bxf6 Qxf6 21. Nxg6 hxg6 22. Qxd5 Rcd8 23. Qxc5 Qf3 24. Rc4 Qxh3 25. Rf4 Re6 26. Qc7 Rf8 27. Qb7 g5 28. Rc4 Rd8 29. Qg2 {Matlakov,M (2710)-Abasov,N (2655) Germany 2019 ½-½ (31)}) 15. Ng3 Bxg3 $146 ({RR} 15... Be6 16. Qc2 h6 17. Nf5 Bc7 18. Qxc5 Bxh2+ 19. Nxh2 Bxf5 20. Qc7 Ne4 21. Qe5 Qg5 22. Nf3 Qg4 23. Nd4 Bh7 24. f3 Qg3 25. Qxg3 Nxg3 26. Rfd1 Rfe8 27. Kf2 Nf5 28. Nxf5 Bxf5 29. Rxd5 Be6 30. Ra5 {Gilevych,A (2410)-Quparadze,G (2514) Cesme TUR 2023 ½-½ (56)}) ({RR} 15... Be6 16. Qc2 h6 17. Nf5 Bc7 18. Qxc5 Bxh2+ 19. Nxh2 Bxf5 20. Qc7 Ne4 21. Qe5 Qg5 22. Nf3 Qg4 23. Nd4 Bh7 24. f3 Qg3 25. Qxg3 Nxg3 26. Rfd1 Rfe8 27. Kf2 Nf5 28. Nxf5 Bxf5 29. Rxd5 Be6 30. Ra5 {Gilevych,A (2410)-Quparadze,G (2514) Cesme TUR 2023 ½-½ (56)}) ({RR} 15... Be6 16. Qc2 h6 17. Nf5 Bc7 18. Qxc5 Bxh2+ 19. Nxh2 Bxf5 20. Qc7 Ne4 21. Qe5 Qg5 22. Nf3 Qg4 23. Nd4 Bh7 24. f3 Qg3 25. Qxg3 Nxg3 26. Rfd1 Rfe8 27. Kf2 Nf5 28. Nxf5 Bxf5 29. Rxd5 Be6 30. Ra5 {Gilevych,A (2410)-Quparadze,G (2514) Cesme TUR 2023 ½-½ (56)}) ({RR} 15... Be6 16. Qc2 h6 17. Nf5 Bc7 18. Qxc5 Bxh2+ 19. Nxh2 Bxf5 20. Qc7 Ne4 21. Qe5 Qg5 22. Nf3 Qg4 23. Nd4 Bh7 24. f3 Qg3 25. Qxg3 Nxg3 26. Rfd1 Rfe8 27. Kf2 Nf5 28. Nxf5 Bxf5 29. Rxd5 Be6 30. Ra5 {Gilevych,A (2410)-Quparadze,G (2514) Cesme TUR 2023 ½-½ (56)}) 16. hxg3 Ne4 17. Qd3 Be6 18. Nd2 Nxd2 19. Qxd2 c4 20. Qc3 f6 21. Rfd1 Qb6 22. bxc4 1/2-1/2

[Event "Barcelona Casino 18th"]
[Site "Barcelona"]
[Date "2013.10.30"]
[Round "6"]
[White "Shankland, Samuel L"]
[Black "Edouard, Romain"]
[Result "1/2-1/2"]
[WhiteElo "2605"]
[BlackElo "2657"]
[PlyCount "54"]
[EventDate "2013.10.25"]
[EventType "tourn"]
[EventRounds "9"]
[EventCountry "ESP"]
[EventCategory "14"]
[SourceTitle "CBM 157"]
[Source "ChessBase"]
[SourceDate "2013.11.12"]
[SourceVersion "1"]
[SourceVersionDate "2013.11.12"]
[SourceQuality "1"]

1. d4 d5 2. c4 e6 3. Nf3 c5 4. cxd5 exd5 5. Nc3 Nc6 6. g3 Nf6 7. Bg2 Be7 8. O-O O-O 9. dxc5 Bxc5 10. a3 Ne4 11. Qc2 Nxc3 12. Qxc3 Be7 13. Nd4 Nxd4 14. Qxd4 Be6 15. Bf4 Bf6 16. Be5 Bxe5 17. Qxe5 Qb6 18. Rad1 $146 ({RR} 18. Rfd1 Rac8 19. Rd2 f6 20. Qe3 Qxe3 21. fxe3 Rc5 22. Rad1 Kf7 23. Bxd5 Bxd5 24. Rxd5 Rxd5 25. Rxd5 Ke6 26. Rc5 Kd6 27. Rc4 Re8 28. Kf2 Re5 29. e4 a5 30. Ke3 Rh5 31. h4 b6 32. Kd3 Re5 {Lagno,K (2542)-Zhukova,N (2442) Kharkov 2012 ½-½ (38)}) ({RR} 18. Rfd1 Rac8 19. Rac1 Qb3 20. Qd4 g6 21. Qb4 Qxb4 22. axb4 Rc6 23. Rc5 Rd8 24. Rd4 Ra6 25. Ra5 Rc8 26. Bxd5 Bh3 27. f4 Rc2 28. Rxa6 bxa6 29. Re4 Kf8 30. b3 h5 31. Kf2 Bf5 32. Re3 Bd7 {Bohus,A (2256)-Juhasz,M (2187) Hungary 2017 1-0 (33)}) ({RR} 18. Rfd1 Rac8 19. Rd2 f6 20. Qe3 Qxe3 21. fxe3 Rc5 22. Rad1 Kf7 23. Bxd5 Bxd5 24. Rxd5 Rxd5 25. Rxd5 Ke6 26. Rc5 Kd6 27. Rc4 Re8 28. Kf2 Re5 29. e4 a5 30. Ke3 Rh5 31. h4 b6 32. Kd3 Re5 {Lagno,K (2542)-Zhukova,N (2442) Kharkov 2012 ½-½ (38)}) ({RR} 18. Rfd1 Rac8 19. Rac1 Qb3 20. Qd4 g6 21. Qb4 Qxb4 22. axb4 Rc6 23. Rc5 Rd8 24. Rd4 Ra6 25. Ra5 Rc8 26. Bxd5 Bh3 27. f4 Rc2 28. Rxa6 bxa6 29. Re4 Kf8 30. b3 h5 31. Kf2 Bf5 32. Re3 Bd7 {Bohus,A (2256)-Juhasz,M (2187) Hungary 2017 1-0 (33)}) 18... Rac8 19. Bxd5 Bxd5 20. Rxd5 Rce8 21. Qd4 Qxd4 22. Rxd4 Rxe2 23. b4 f6 24. Rd7 Rf7 25. Rd8+ Rf8 26. Rd7 Rf7 27. Rd8+ Rf8 1/2-1/2

[Event "Khanty-Mansiysk Governor Cup-A 9th"]
[Site "Khanty-Mansiysk"]
[Date "2013.12.05"]
[Round "8"]
[White "Khismatullin, Denis Rimovich"]
[Black "Lysyj, Igor"]
[Result "1-0"]
[WhiteElo "2674"]
[BlackElo "2666"]
[PlyCount "75"]
[EventDate "2013.11.28"]
[EventType "swiss"]
[EventRounds "9"]
[EventCountry "RUS"]
[SourceTitle "CBM 157 Extra"]
[Source "ChessBase"]
[SourceDate "2013.12.19"]
[SourceVersion "1"]
[SourceVersionDate "2013.12.19"]
[SourceQuality "1"]

1. d4 Nf6 2. c4 e6 3. Nf3 d5 4. e3 c5 5. cxd5 exd5 6. Nc3 Nc6 7. Be2 cxd4 8. Nxd4 Bd6 9. O-O O-O 10. b3 Re8 11. Bb2 ({RR} 11. Nf3 Bg4 12. h3 Bh5 13. Bb2 Rc8 14. Nd4 Bxe2 15. Ncxe2 Be5 16. Rc1 Qd7 17. Ba1 Ne4 18. Nf3 Bxa1 19. Rxa1 Ne5 20. Nxe5 Rxe5 21. Rc1 Ree8 22. Nf4 Nf6 23. Qd4 b6 24. Rxc8 Rxc8 25. Rd1 Rd8 {Weerasekara,D (2118)-Campos Saez,S (2205) chess.com INT 2026 1-0 (33)}) ({RR} 11. Nf3 Bg4 12. h3 Bh5 13. Bb2 Rc8 14. Nd4 Bxe2 15. Ncxe2 Be5 16. Rc1 Qd7 17. Ba1 Ne4 18. Nf3 Bxa1 19. Rxa1 Ne5 20. Nxe5 Rxe5 21. Rc1 Ree8 22. Nf4 Nf6 23. Qd4 b6 24. Rxc8 Rxc8 25. Rd1 Rd8 {Weerasekara,D (2118)-Campos Saez,S (2205) chess.com INT 2026 1-0 (33)}) 11... Bb8 ({RR} 11... Nxd4 12. Qxd4 Be5 13. Qd2 Bg4 14. Bxg4 Nxg4 15. h3 Nf6 16. Rfd1 Rc8 17. Rac1 Rc6 18. Nb5 Ne4 19. Qe2 Bb8 20. Rxc6 bxc6 21. Qg4 g6 22. Nd4 Qf6 23. Qe2 Qd6 24. Nf3 Ng5 25. Kf1 f6 26. Nxg5 {Brunner,L (2530)-Timman,J (2590) Biel 1995 0-1}) ({RR} 11... Nxd4 12. Qxd4 Be5 13. Qd2 Bg4 14. Bxg4 Nxg4 15. h3 Nf6 16. Rfd1 Rc8 17. Rac1 Rc6 18. Nb5 Ne4 19. Qe2 Bb8 20. Rxc6 bxc6 21. Qg4 g6 22. Nd4 Qf6 23. Qe2 Qd6 24. Nf3 Ng5 25. Kf1 f6 26. Nxg5 {Brunner,L (2530)-Timman,J (2590) Biel 1995 0-1}) 12. Nxc6 $146 ({RR} 12. Rc1 Qd6 13. g3 Bh3 14. Re1 Ne5 15. Nf3 Qd8 16. Rc2 Qa5 17. a3 Bg4 18. b4 Qd8 19. Nxe5 Bxe2 20. Rexe2 Bxe5 21. Red2 Rc8 22. Nxd5 Bxb2 23. Rxb2 Nxd5 24. Rxd5 {1-0 (24) Gavrikov,V (2550)-Suba,M (2465) Tunis 1985}) ({RR} 12. Rc1 Qd6 13. g3 Bh3 14. Re1 Ne5 15. Nf3 a6 16. Nxe5 Qxe5 17. Na4 Qf5 18. Bxf6 Qxf6 19. Qxd5 Ra7 20. Bf1 Rd8 21. Qa5 Bxf1 22. Rxf1 b5 23. Rc6 Qe7 24. Nc5 Bc7 25. Qc3 Be5 26. Qc2 a5 {Arkhipov,S (2500)-Gurevich,I (2455) Kecskemet 1991 1-0 (53)}) ({RR} 12. Rc1 Qd6 13. g3 Bh3 14. Re1 Ne5 15. Nf3 Qd8 16. Rc2 Qa5 17. a3 Bg4 18. b4 Qd8 19. Nxe5 Bxe2 20. Rexe2 Bxe5 21. Red2 Rc8 22. Nxd5 Bxb2 23. Rxb2 Nxd5 24. Rxd5 {1-0 (24) Gavrikov,V (2550)-Suba,M (2465) Tunis 1985}) ({RR} 12. Rc1 Qd6 13. g3 Bh3 14. Re1 Ne5 15. Nf3 a6 16. Nxe5 Qxe5 17. Na4 Qf5 18. Bxf6 Qxf6 19. Qxd5 Ra7 20. Bf1 Rd8 21. Qa5 Bxf1 22. Rxf1 b5 23. Rc6 Qe7 24. Nc5 Bc7 25. Qc3 Be5 26. Qc2 a5 {Arkhipov,S (2500)-Gurevich,I (2455) Kecskemet 1991 1-0 (53)}) 12... bxc6 13. Rc1 Qd6 14. g3 Bh3 15. Re1 Bc7 16. Qd4 Bb6 17. Qd3 Ng4 18. Na4 Bxe3 19. Bxg4 Bxc1 20. Rxe8+ Rxe8 21. Bxh3 Bxb2 22. Nxb2 Re1+ 23. Bf1 Ra1 24. Qa6 h6 25. Nd3 Qe6 26. Nf4 Qe1 27. h4 g6 28. a4 Rd1 29. h5 g5 30. Ng2 Qe6 31. Ne3 Rb1 32. Qxa7 Rxb3 33. Qd4 Ra3 34. Qb2 Rxa4 35. Qb8+ Kg7 36. Bd3 Re4 37. Bxe4 Qxe4 38. g4 1-0